000 00466nam a22001697a 4500
005 20240820125610.0
008 240820b |||||||| |||| 00| 0 eng d
020 _a9781118054154
082 _a004.165
_bATS-I
100 _aWatson, Lonzell
245 _aTeach Yourself Visually iPad 2 /
_cWatson, Lonzell
260 _aUSA:
_bWiley;
_c2011.
300 _axiv, 274 p. :
_bill;
_c24 cm.
500 _ainclude index.
650 _aMobile application
999 _c36427
_d36427